Ładuje się......
Foucault,sport and exercise: power knowledge and transforming the self/
| 1. autor: | |
|---|---|
| Kolejni autorzy: | |
| Format: | Printed Book |
| Język: | English |
| Wydane: |
London
Routledge
2006
|
| LEADER | 00544nam a2200157Ia 4500 | ||
|---|---|---|---|
| 008 | 160725s9999||||xx |||||||||||||| ||eng|| | ||
| 020 | |a 9780415358637 | ||
| 082 | |a 306.483 | ||
| 100 | |a Markula, Pirkko | ||
| 245 | |a Foucault,sport and exercise: power knowledge and transforming the self/ | ||
| 260 | |b Routledge |a London | ||
| 260 | |c 2006 | ||
| 300 | |a 249p. | ||
| 700 | |a Pringle, Richard | ||
| 999 | |c 297731 |d 297731 | ||
| 952 | |0 0 |1 0 |4 0 |6 306_483000000000000 |7 0 |8 CPE |9 338394 |a DPE |b DPE |c ST1 |d 2016-07-25 |g 1965.00 |i 952 |l 0 |o 306.483 |p CPE952 |r 2016-07-25 |w 2016-07-25 |y BK | ||